Buscando el diálogo interreligioso

Saved in:
Bibliografiske detaljer
Hovedforfatter: Cancelo García, José Luis (Author)
Format: Bog
Sprog:spansk
Udgivet: Burgos, España Fonte 2018
Udgivelse:1a. ed
Fag:
Tags: Tilføj Tag
Ingen Tags, Vær først til at tagge denne postø!

MARC

LEADER 00000cam a2200000 a 4500
001 UCC5393
003 CL-VaPUC
005 20210302205403.0
008 181005e20180000sp |||||||||||||||||spa|d
020 |a 9788483539002 
040 |c Pontificia Universidad Católica de Valparaíso 
082 0 4 |a 291 CAN 2018  |2 21 
100 |a Cancelo García, José Luis  |e author  |9 599724 
245 1 0 |a Buscando el diálogo interreligioso 
250 |a 1a. ed 
260 |a Burgos, España   |b Fonte  |c 2018 
300 |a 410 páginas  
583 |a last modification  |c 20181005 11:02:00  |k Rodrigo Vera 
650 0 |a Religiones comparadas   |2 CL-VaPUC  |9 349653 
650 0 |a Historia de las religiones   |2 CL-VaPUC  |9 323406 
650 0 |a Creencias religiosas   |9 373391 
942 |c BK  |2 ddc 
945 |d 20181005 11:02:00  |a dcastane 
999 |c 372642  |d 372640 
952 |0 0  |1 0  |3 erb  |4 0  |6 291_000000000000000_CAN_2018  |7 0  |8 A  |9 490339  |a BIBTEO  |b BIBTEO  |i 5505232  |o 291 CAN 2018  |p 5505232  |r 2024-01-18  |w 2019-11-24  |y BK  |z Catalogado en:20181005  |k ICR 
952 |0 0  |1 0  |3 erb  |4 0  |6 291_000000000000000_CAN_2018  |7 0  |8 A  |9 490340  |a BIBTEO  |b BIBTEO  |d 2019-08-13  |e 8   |g 23800.00  |i 5559316  |o 291 CAN 2018  |p 5559316  |r 2024-01-18  |v 23800.00  |w 2019-11-24  |y BK  |z Catalogado en:20190814  |k ICR